000 01308nam a22003617a 4500
003 CHAP
005 20250131101134.0
008 971013s1991 r 00010 d
010 _a2512
011 _a3484
035 _a2684
040 _cCHAP
082 _a581.15
_bK7
100 0 0 _aKrishnamurthy, Laksmi Reddiar
_963939
245 _aRecurso fitogenéticos
_b: su conservación para un desarrollo sostenible
260 _aChapingo, Méx. :
_bUACH. Departamento de Fitotecnia,
_c1991
300 _a106 p
500 _aD46-49
590 _aBATCH-UPD
_b10
_c20130110
_lUCH01
_h0923
590 _aBATCH-UPD
_b10
_c20130410
_lUCH01
_h0545
590 _aBATCH-UPD
_b10
_c20130914
_lUCH01
_h1537
590 _aCONVERSION
_b10
_c20130109
_lUCH01
_h1303
650 1 4 _aGenética vegetal.
650 1 4 _aGermoplasma.
_947766
650 1 4 _aRecursos naturales
_xConservación.
700 0 _aSahagún Castellanos, Jaime.
_9101191
901 _aBK
942 _cLIBRO
949 _a581.15 K7
_bBC
_cLIBRO
_d-12190
_eLIBRO
_gI.c/e
_h81015
_i2684
_si
_t15.00
949 _a581.15 K7
_bBC
_cLIBRO
_d33724000547774
_eLIBRO
_fc.4
_gI. c/e
_h82334
_i2684
_si
_t15.00
949 _a581.15 K7
_bBC
_cLIBRO
_d33724000547782
_eLIBRO
_fc.2
_h82420
_i2684
_si
_t15.00
949 _a581.15 K7
_bBC
_cLIBRO
_d33724000547790
_eLIBRO
_fc.3
_h82421
_i2684
_si
_t15.00
999 _c2512
_d2512